|
|
|
|
| LEADER |
00000nam a22000007a 4500 |
| 005 |
20210203233448.0 |
| 007 |
cr|||| |||| |
| 008 |
210203s2020 es |||||s|||| 00||0 spa d |
| 020 |
|
|
|a 978-84-1377-255-4
|
| 035 |
|
|
|a 32964
|
| 040 |
|
|
|a vLex
|
| 090 |
|
|
|c 11084
|d 11084
|
| 100 |
1 |
|
|a Fernǹdez-Miranda, Jorge
|
| 245 |
1 |
2 |
|a El principio de prevalencia del ordenamiento estatal
|h [Recurso electrn̤ico] /
|c Jorge Fernǹdez-Miranda
|
| 256 |
|
|
|a Servicio en ln̕ea
|
| 260 |
|
|
|a Madrid:
|b Dykinson,
|c 2020
|
| 300 |
|
|
|a 1 recurso electrn̤ico
|
| 500 |
|
|
|a El estudio del derecho en general y del principio o clùsula de prevalencia -que es lo que ahora nos ocupa- en particular, no se puede desvincular de la realidad. Nos encontramos en un momento convulso desde el punto de vista del ordenamiento estatal, y ms̀ importante an︢ de su comprensin̤ y defensa. Conscientes de la problemt̀ica derivada de nuestro complejo ordenamiento jurd̕ico, la dificultad guarda relacin̤ con la necesidad de garantizarlo, poniendo en valor el papel que el mismo tiene dentro del modelo derivado de la Constitucin̤ Espaǫla de 1978, cuya nota caracters̕tica -aunque no n︢ica- es la descentralizacin̤ territorial y, al hilo de la misma, la autonoma̕ constitucionalmente consagrada, junto a la que empieza a ser necesario poner en valor principios como el de unidad, seguridad jurd̕ica o el de prevalencia. El presente trabajo tiene por finalidad analizar el principio de prevalencia tratando desentraąr las razones por las que carece de la funcionalidad necesaria, siendo al respecto especialmente interesante el giro que ha dado la jurisprudencia del Tribunal Constitucional quien ha empezado a poner en valor tan importante principio.
|
| 506 |
1 |
|
|a Disponible solo en los productos indicados
|d vLex Global
|d vLex Global (Academic Edition, excluding Law Schools)
|d vLex Global (U.S. Academic Edition, Law Schools)
|d vLex Global (U.S. Academic Edition, excluding Law Schools)
|d vLex Global (Academic Edition, Law Schools)
|
| 650 |
0 |
4 |
|a Derecho Pb︢lico y Administrativo
|z Espaą
|
| 740 |
0 |
|
|a vLex Libros (Servicio en ln̕ea)
|
| 856 |
4 |
0 |
|u http://vlex.com/source/principio-de-prevalencia-del-ordenamiento-estatal-32964
|z Acceso restringido
|
| 942 |
|
|
|c BOOK
|
| 999 |
0 |
|
|a Public and Administrative Law
|